| 000 | 00000nam 2200000za 4500 |
| 001 | 9.683433 |
| 003 | CaOODSP |
| 005 | 20240207110936 |
| 007 | ta |
| 008 | 150407s2007 onc||||| f|0| 0 fre d |
| 020 | |a0-662-72541-7 |
| 040 | |aCaOODSP|bfre |
| 043 | |an-cn--- |
| 086 | 1 |aSE3-36/2006F |
| 245 | 02|aL'histoire du vote au Canada / |cpublié par le Bureau du directeur général des élections du Canada. |
| 250 | |aDeuxième édition. |
| 260 | |aOttawa : |bÉlections Canada, |c2007. |
| 300 | |axv, 152 p. : |bill. en couleur, cartes (certaines en couleur), photographies ; |c21 cm. |
| 500 | |aCette publication est périmée et n’est plus disponible en version imprimée. |
| 520 | 3 |aLe Canada peut être fier du caractère démocratique exemplaire de son système électoral. Il a cependant fallu de nombreuses années de progrès quelquefois laborieux pour arriver à ce résultat. Ce publication en révèle quelques points saillants. |
| 563 | |aCouverture souple |
| 590 | |a07-45|b2007-11-09 |
| 691 | 07|aÉlections|2gcpds |
| 691 | 07|aHistoire du Canada|2gcpds |
| 710 | 2 |aÉlections Canada. |
| 775 | 08|tA history of the vote in Canada / |w(CaOODSP)9.650319 |
| 776 | 0#|tL'histoire du vote au Canada |w(CaOODSP)9.634793 |